Les pays accueillant des Grands prix de Formule 1 2025 - Statistiques

Statistiques générales
  • Ce quiz a été pris 32 fois
  • Le résultat moyen est 11 sur 21
Réponses sur la Carte
Les réponses sont colorées sur une échelle allant du rouge au vert en fonction du pourcentage des utilisateurs qui les ont devinées à leur premier essai. Vous pouvez retrouver ces pourcentages ci-dessous.
 
Statistiques - réponses
Réponse % Correct
Australie
100%
Japon
71%
Chine
68%
Émirats Arabes Unis
61%
Qatar
61%
Brésil
57%
États-Unis
57%
Mexique
57%
Canada
54%
Italie
54%
Monaco
54%
Arabie Saoudite
50%
Bahreïn
50%
Belgique
46%
Espagne
46%
Singapour
46%
Azerbaïdjan
43%
Hongrie
43%
Pays-Bas
43%
Royaume-Uni
43%
Autriche
36%
Aucun quiz correspondant
Distribution des résultats
% des personnes avec chaque résultat
Percentile par nombre de réponses
Votre historique - résultats
Vous n’avez pas pris ce quiz